Indian governmrnt and politics / (Record no. 140937)
[ view plain ]
| 000 -LEADER | |
|---|---|
| fixed length control field | 00614nam a22002057a 4500 |
| 005 - DATE AND TIME OF LATEST TRANSACTION | |
| control field | 20230801112216.0 |
| 010 ## - LCCN (DPL NO) | |
| LC control number | ENG-118599 ENG-137656 |
| 020 ## - INTERNATIONAL STANDARD BOOK NUMBER | |
| International Standard Book Number | 9788120353183 |
| Terms of availability | 395.00 |
| 035 ## - SYSTEM CONTROL NUMBER | |
| System control number | EN-102131 EN-121188 |
| 037 ## - SOURCE OF ACQUISITION | |
| Source of stock number/acquisition | DBAD/PUB |
| 082 ## - DEWEY DECIMAL CLASSIFICATION NUMBER | |
| Classification number | 320.954 |
| 100 ## - MAIN ENTRY--PERSONAL NAME | |
| Personal name | Ghosh, Peu |
| 245 ## - TITLE STATEMENT | |
| Title | Indian governmrnt and politics / |
| Statement of responsibility, etc | by Peu Ghosh |
| 250 ## - EDITION STATEMENT | |
| Edition statement | 2nd ed. |
| 260 ## - PUBLICATION, DISTRIBUTION, ETC. (IMPRINT) | |
| Place of publication, distribution, etc | New Delhi |
| Name of publisher, distributor, etc | PHI Learning |
| Date of publication, distribution, etc | 2017 |
| 270 ## - ADDRESS | |
| Address | Rimjhim House, 111, Patparganj Industrial Estate |
| City | Delhi |
| Postal code | 110092 |
| 300 ## - PHYSICAL DESCRIPTION | |
| Extent | xvi,448p |
| Dimensions | 24cm(pbk) |
| 500 ## - GENERAL NOTE | |
| General note | Includes index |
| 942 ## - ADDED ENTRY ELEMENTS (KOHA) | |
| Source of classification or shelving scheme | Dewey Decimal Classification |
| Item type | English Books |
| Call number suffix | PAI |
| Classification part | 320.954 |
| Withdrawn status | Lost status | Not for loan | Collection code | Home library | Current library | Date acquired | Source of acquisition | Cost, normal purchase price | Full call number | Barcode | Copy number | Cost, replacement price | Koha item type |
|---|---|---|---|---|---|---|---|---|---|---|---|---|---|
| Non-fiction | Bawana | Bawana | 01/08/2023 | DBAD/PUB | 395.00 | 320.954 PAI | EN-121188 | 1 | 395.00 | English Books | |||
| Not For Loan | Non-fiction | D.B.Act.Division | D.B.Act.Division | 09/06/2017 | DBAD/PUB | 395.00 | 320.954 PAI | EN-102131 | 1 | 395.00 | English Books |
